00701nam a2200193 a 4500003000300000005001700003008004100020050002400061100001600085245002700101260005600128300000700184500011600191650002100307700003100328942001200359999001900371952011700390mo20170328092906.0121010s19uu xx 00 eng d aMb813.5 Mc479 1999 aMckie, Anna aFifty bedtime stories. aLittle Venice, London :bGrandreams Limited,c1999. a93 aThe Great green caterpillar. The Grumpy teddy bears. The Golden egg. Koala keeps up. Smile, it's a crocodile. aStories-fiction. aKen Mckie (illustrated by) 2ddccBK c115101d115101 00102ddc40aMUbMUcMd2012-10-10eDONATIONl0oM 813.5 Mc479 1999pM7099r2014-04-14 00:00:00w2014-04-14yBK